Influential Vocaloid Songs - Statistics

General Stats
  • This quiz has been taken 36 times
  • The average score is 16 of 50
Answer Stats
Hint Answer % Correct
wowaka Rolling Girl
79%
Ryo (supercell) World Is Mine
73%
wowaka Unknown Mother Goose
64%
Kanaria KING
61%
Ryo (supercell) Melt
61%
DECO*27 Ghost Rule
58%
Kikuo Love me, Love me, Love me
55%
32ki (Satsuki) Mesmerizer
55%
HACHI DUNE
48%
samfree Luka Luka ☆ Night Fever
48%
PowaPowaP Shoujo A
48%
DECO*27 The Vampire
48%
PinocchioP God-ish
45%
iroha Meltdown
45%
doriko Romeo and Cinderella
45%
kz(livetune) Tell Your World
45%
cosMo@BousouP The Disappearance of Hatsune Miku
45%
LamazeP Triple Baka
45%
LamazeP PoPiPo
42%
HACHI Matoryoshka
39%
MikitoP ROKI
39%
HACHI Donut Hole
36%
DECO*27 HIBANA
36%
Kairiki Bear Venom
36%
Giga BRING IT ON
33%
wowaka World's End Dancehall
30%
mothy Daughter of Evil
27%
Neru Lost One's Weeping
27%
minato Magnet
27%
mothy Servant of Evil
27%
Chinozo Goodbye Sengen
24%
Mitchie M Viva Happy
24%
NayutalieN Dance Robot Dance
21%
Otomania Ievan Polkka
21%
Mitchie M Freely Tomorrow
18%
DECO*27 Mozaik Role
18%
Daniwell-P Nyanyanyanyanyanyanya!
18%
n-buna Umiyuri Kaiteitan
18%
Hiiragi Magnetite Marshall Maximizer
15%
Orangestar Night Sky Patrol of Tomorrow
15%
KurousaP Senbonzakura
15%
kz(livetune) Hand in Hand
12%
Tsumiki Phony
12%
Agoaniki Double Lariat
9%
Ika Miku Miku ni Shiteageru (Shiteyanyo)
9%
LamazeP Ochame Kinou
9%
Kemu Six Trillion Years and Overnight Story
6%
PinocchioP SLoWMoTIoN
6%
Eiji Hirasawa 01_ballade
3%
Mimirobo-P Song of the Eared Robot
0%
No matching quizzes found
Score Distribution
Percent of People with Each Score
Percentile by Number Answered
Your Score History
You have not taken this quiz